000 00582nam a2200217Ia 4500
008 101110s9999 xx 000 0 und d
041 _aENGLISH
082 _bSR32478
100 _aJoshi Neena A.,Diwan M.J.& etc
245 _aDiscrete mathematics Paper-II F.Y.BSc
260 _c2010
_bSheth Publishers,Mumbai
300 _a243
365 _b115
520 _aStats/Maths
546 _aENGLISH
630 _aDiscrete mathematics Paper-II F.Y.BSc
650 _aStats/Maths
655 _aStats/Maths
730 _aDiscrete mathematics Paper-II F.Y.BSc
942 _cBOOK
999 _c824980
_d824977